| 000 | 00403cam a2200181ua 4500 | ||
|---|---|---|---|
| 020 | _cRs. 25.00 | ||
| 041 |
_aeng _h |
||
| 082 |
_a530 _bPOW/PH |
||
| 100 | _aPowell, L S . | ||
| 245 | _aPhysics Vol 1 | ||
| 250 |
_a1 / _b. |
||
| 260 |
_aLondon : _bSir Isaac Pitman & Sons Ltd , _c1953. |
||
| 300 | _a488 ; . | ||
| 365 | _aRs. 25.00 | ||
| 504 | _a | ||
| 942 | _cBK | ||
| 999 |
_c1621 _d1621 |
||